[Event "zonal 2.5"]
[Site "Cordoba ARG"]
[Date "1998.??.??"]
[Round "1"]
[White "Barria Zuniga, Daniel"]
[Black "Silva Sanchez, Carlos"]
[Result "1/2-1/2"]
[WhiteElo "2305"]
[BlackElo "2395"]
[EventDate "1998.08.30"]
[PlyCount "70"]

1.e4 g6 2.d4 Bg7 3.Nc3 c6 4.f4 d5 5.e5 h5 6.Nf3 Nh6 7.Be3 Bg4 8.h3 Nf5 9.
Bf2 Bxf3 10.Qxf3 h4 11.Bd3 e6 12.O-O Nd7 13.Ne2 Bf8 14.b3 a6 15.c4 Ba3 16.
Rfb1 Bb4 17.a3 Be7 18.c5 a5 19.Bc2 b5 20.Kh2 Qc7 21.Qc3 Bd8 22.Kh1 Nb8 23.
Ng1 Qe7 24.Nf3 Qf8 25.Ng1 Qh6 26.Qf3 Na6 27.Ne2 Nc7 28.Be1 Kf8 29.Bd2 Ne8 
30.Rd1 Neg7 31.Kh2 Ra7 32.Bb1 Ke8 33.Bc2 Nh5 34.Be1 Nhg7 35.Bd2 Qh5 
1/2-1/2

[Event "zonal 2.5"]
[Site "Cordoba ARG"]
[Date "1998.??.??"]
[Round "1"]
[White "Giaccio, Alfredo"]
[Black "Malbran, Guillermo"]
[Result "1-0"]
[WhiteElo "2460"]
[BlackElo "2430"]
[EventDate "1998.08.30"]
[PlyCount "57"]

1.e4 Nf6 2.e5 Nd5 3.c4 Nb6 4.d4 d6 5.exd6 exd6 6.Nc3 Be7 7.h3 O-O 8.Nf3 
Re8 9.Be2 Bf6 10.O-O Nc6 11.Be3 d5 12.c5 Nc4 13.Bxc4 dxc4 14.Qa4 Be6 15.
Rad1 Ne7 16.Bg5 Nd5 17.Bxf6 Qxf6 18.Nxd5 Bxd5 19.Ne5 Qg5 20.f3 f6 21.Nxc4 
Re2 22.Rf2 Rae8 23.Ne5 R2xe5 24.dxe5 Bc6 25.Qc4+ Kf8 26.exf6 gxf6 27.Re2 
Bxf3 28.Rxe8+ Kxe8 29.Qe6+ 1-0

[Event "zonal 2.5"]
[Site "Cordoba ARG"]
[Date "1998.??.??"]
[Round "1"]
[White "Hoffman, Alejandro"]
[Black "Rodriguez Vila, Andres"]
[Result "1/2-1/2"]
[WhiteElo "2525"]
[BlackElo "2490"]
[EventDate "1998.08.30"]
[PlyCount "29"]

1.d4 f5 2.g3 Nf6 3.Bg2 g6 4.Nf3 Bg7 5.O-O O-O 6.b4 d5 7.c4 dxc4 8.Qc2 Be6 
9.Ng5 Bd5 10.Bxd5+ Qxd5 11.Nc3 Qd7 12.Na4 Qd5 13.Nc3 Qd7 14.Na4 Qd5 15.Nc3
1/2-1/2

[Event "zonal 2.5"]
[Site "Cordoba ARG"]
[Date "1998.??.??"]
[Round "1"]
[White "Ricardi, Pablo"]
[Black "Valiente, Cristobal"]
[Result "0-1"]
[WhiteElo "2545"]
[BlackElo "2400"]
[EventDate "1998.08.30"]
[PlyCount "104"]

1.Nf3 Nf6 2.g3 b6 3.Bg2 Bb7 4.c4 c5 5.O-O e6 6.Nc3 Be7 7.d4 cxd4 8.Nxd4 
Bxg2 9.Kxg2 Qc8 10.Qd3 Nc6 11.b3 O-O 12.Bb2 Rd8 13.Rac1 Ne5 14.Qe3 Qb7+ 
15.Kg1 d6 16.Rfd1 a6 17.h3 Rac8 18.f4 Nc6 19.Qf3 d5 20.Nxc6 Rxc6 21.cxd5 
exd5 22.Kg2 Rcd6 23.Ba3 Re6 24.Bb2 h6 25.g4 Bc5 26.Na4 Qe7 27.Bxf6 gxf6 
28.Nxc5 Rxe2+ 29.Kf1 Re3 30.Qg2 bxc5 31.Rxd5 Re8 32.Rdd1 c4 33.bxc4 Qa3 
34.Rc2 Rg3 35.Re2 Rf3+ 36.Kg1 Ree3 37.Rde1 Rxe2 38.Qxe2 Rxh3 39.Qf2 Rf3 
40.Qh4 Rxf4 41.Re2 Qc5+ 42.Kh2 Qxc4 43.Rg2 Kg7 44.Qg3 Qe4 45.Qa3 Rf3 46.
Qc1 Re3 47.Qd2 Rd3 48.Qc2 Qf4+ 49.Kg1 Qd4+ 50.Kf1 Rf3+ 51.Ke1 Qe5+ 52.Re2 
Qg3+ 0-1

[Event "zonal 2.5"]
[Site "Cordoba ARG"]
[Date "1998.??.??"]
[Round "1"]
[White "Roselli Mailhe, Bernardo"]
[Black "Cubas, Jose Fernando"]
[Result "1-0"]
[WhiteElo "2385"]
[BlackElo "2165"]
[EventDate "1998.08.30"]
[PlyCount "60"]

1.e4 c5 2.Nc3 d6 3.g3 Nc6 4.Bg2 g6 5.d3 Bg7 6.f4 h5 7.Nf3 Bg4 8.h3 Bxf3 9.
Qxf3 Nd4 10.Qf2 e6 11.O-O Ne7 12.Be3 Qa5 13.a3 Qc7 14.Rae1 O-O-O 15.Na2 f5
16.h4 fxe4 17.dxe4 d5 18.c3 Nb3 19.Nc1 Nxc1 20.Rxc1 dxe4 21.Bxc5 Nf5 22.
Bxa7 Rd3 23.Rfe1 e3 24.Qf3 Rhd8 25.Bxe3 Nxe3 26.Rxe3 Bd4 27.cxd4 Qxc1+ 28.
Kh2 R8xd4 29.Rxd3 Rxd3 30.Qxd3 Qxb2 1-0

[Event "zonal 2.5"]
[Site "Cordoba ARG"]
[Date "1998.??.??"]
[Round "1"]
[White "Toloza Soto, Pablo"]
[Black "Soppe, Guillermo"]
[Result "1/2-1/2"]
[WhiteElo "2350"]
[BlackElo "2455"]
[EventDate "1998.08.30"]
[PlyCount "82"]

1.d4 d5 2.c4 e6 3.Nc3 Nf6 4.Bg5 Nbd7 5.cxd5 exd5 6.e3 Be7 7.Bd3 c6 8.Qc2 
O-O 9.Nf3 Re8 10.h3 g6 11.Bf4 Nf8 12.O-O Ne6 13.Bh2 Ng7 14.a3 Bf5 15.b4 
Rc8 16.Rfb1 Bd6 17.Bxd6 Qxd6 18.b5 c5 19.dxc5 Rxc5 20.Qd2 Rec8 21.Rc1 Bxd3
22.Qxd3 Ne4 23.Ne2 Rxc1+ 24.Rxc1 Rxc1+ 25.Nxc1 Qc5 26.Nb3 Qc4 27.Qxc4 dxc4
28.Nbd4 Ne6 29.Kf1 N6c5 30.Ne5 Nd6 31.Ng4 Kg7 32.f3 h5 33.Nf2 Nb3 34.a4 
Nc5 35.a5 Nb3 36.a6 bxa6 37.bxa6 Nc5 38.Nc6 Nxa6 39.Nxa7 Nb4 40.Nd1 Kf6 
41.Ke2 Ke5 1/2-1/2

[Event "zonal 2.5"]
[Site "Cordoba ARG"]
[Date "1998.??.??"]
[Round "2"]
[White "Cubas, Jose Fernando"]
[Black "Silva Sanchez, Carlos"]
[Result "0-1"]
[WhiteElo "2165"]
[BlackElo "2395"]
[EventDate "1998.08.30"]
[PlyCount "42"]

1.e4 c5 2.Nc3 Nc6 3.f4 g6 4.Nf3 Bg7 5.Bb5 Nd4 6.Bd3 d6 7.Nxd4 cxd4 8.Ne2 
e6 9.O-O Ne7 10.Qe1 O-O 11.c3 Nc6 12.Qf2 d5 13.e5 f6 14.exf6 Qxf6 15.Bb5 
e5 16.fxe5 Qxe5 17.Qg3 Rxf1+ 18.Kxf1 Qe7 19.Nxd4 Nxd4 20.cxd4 Bd7 21.Be2 
Re8 0-1

[Event "zonal 2.5"]
[Site "Cordoba ARG"]
[Date "1998.??.??"]
[Round "2"]
[White "Malbran, Guillermo"]
[Black "Ricardi, Pablo"]
[Result "1/2-1/2"]
[WhiteElo "2430"]
[BlackElo "2545"]
[EventDate "1998.08.30"]
[PlyCount "80"]

1.e4 c5 2.c3 Nf6 3.e5 Nd5 4.Nf3 e6 5.Bc4 b6 6.Bxd5 exd5 7.O-O Be7 8.d4 d6 
9.Re1 O-O 10.exd6 Qxd6 11.Ne5 f6 12.dxc5 bxc5 13.Nd3 Nc6 14.b4 cxb4 15.
cxb4 Qd8 16.b5 Ne5 17.Ba3 Bxa3 18.Nxa3 Bb7 19.Nc5 Qb6 20.Nxb7 Qxb7 21.Qb3 
Rac8 22.Nc2 Rc5 23.Nd4 Rfc8 24.Rad1 Rc3 25.Qb1 g6 26.h3 Qb6 27.Ne2 R3c5 
28.a4 Qa5 29.Qb3 Rc4 30.Kf1 Qxa4 31.Qxa4 Rxa4 32.Rxd5 Ra2 33.f4 Nc4 34.Nd4
Rd2 35.Re2 Rd1+ 36.Kf2 Nb6 37.Rd6 Nc4 38.Rd7 Nb6 39.Rd6 Nc4 40.Rd7 Nb6 
1/2-1/2

[Event "zonal 2.5"]
[Site "Cordoba ARG"]
[Date "1998.??.??"]
[Round "2"]
[White "Rodriguez Vila, Andres"]
[Black "Barria Zuniga, Daniel"]
[Result "1-0"]
[WhiteElo "2490"]
[BlackElo "2305"]
[EventDate "1998.08.30"]
[PlyCount "125"]

1.e4 c5 2.Nf3 Nc6 3.d4 cxd4 4.Nxd4 g6 5.c4 Bg7 6.Be3 Nf6 7.Nc3 d6 8.Be2 
O-O 9.O-O Bd7 10.Nc2 a6 11.f3 b6 12.Qd2 Bc8 13.Rfd1 Nd7 14.Rab1 a5 15.b3 
Bb7 16.a3 f5 17.exf5 gxf5 18.Nd5 Rb8 19.Bg5 Nf6 20.Qe3 Bc8 21.b4 axb4 22.
axb4 Rf7 23.b5 Na5 24.Nd4 e5 25.Nc6 Nxc6 26.Bxf6 Bxf6 27.bxc6 Bg5 28.Qa3 
Be6 29.c7 Rxc7 30.Nxc7 Qxc7 31.Qxd6 Qxd6 32.Rxd6 Be3+ 33.Kf1 Kf7 34.Rc6 
Rc8 35.Rxc8 Bxc8 36.Ra1 h6 37.Bd3 Be6 38.Ke2 Bc5 39.Ra7+ Kf6 40.Rc7 Bd6 
41.Rh7 Bf8 42.Rc7 Bc5 43.Kd2 e4 44.fxe4 fxe4 45.Bxe4 Bxc4 46.Rc6+ Ke5 47.
Bf3 Be6 48.h3 Bd4 49.Kd3 Bc5 50.Ke2 Bc4+ 51.Ke1 Be6 52.Bg4 Bd5 53.Rxh6 
Bxg2 54.h4 b5 55.h5 Be4 56.Rh8 b4 57.Re8+ Kd4 58.Be6 Ke5 59.Bb3+ Kf4 60.
Rc8 Bd4 61.Rc4 Bc3+ 62.Kf1 Kf3 63.Rc5 1-0

[Event "zonal 2.5"]
[Site "Cordoba ARG"]
[Date "1998.??.??"]
[Round "2"]
[White "Roselli Mailhe, Bernardo"]
[Black "Toloza Soto, Pablo"]
[Result "1/2-1/2"]
[WhiteElo "2385"]
[BlackElo "2350"]
[EventDate "1998.08.30"]
[PlyCount "70"]

1.e4 e5 2.Nf3 Nc6 3.Bb5 a6 4.Ba4 Nf6 5.O-O Bc5 6.Re1 b5 7.Bb3 d6 8.c3 O-O 
9.a4 Rb8 10.d3 Bg4 11.Nbd2 d5 12.exd5 Nxd5 13.h3 Bh5 14.Ne4 Bb6 15.axb5 
axb5 16.Ng3 Bxf3 17.Qxf3 Nde7 18.Bg5 Qd6 19.Rad1 Rbe8 20.Re4 Kh8 21.Rh4 
Qg6 22.Bxe7 Nxe7 23.Rg4 Qc6 24.Rb4 Ng6 25.Nf5 Qf6 26.Rg4 Rg8 27.Ne3 Qxf3 
28.gxf3 Rgf8 29.Nf5 Nf4 30.Nxg7 Nxh3+ 31.Kg2 Nxf2 32.Nxe8 Nxg4 33.fxg4 
Rxe8 34.Bxf7 Rf8 35.Rf1 Kg7 1/2-1/2

[Event "zonal 2.5"]
[Site "Cordoba ARG"]
[Date "1998.??.??"]
[Round "2"]
[White "Soppe, Guillermo"]
[Black "Giaccio, Alfredo"]
[Result "1/2-1/2"]
[WhiteElo "2455"]
[BlackElo "2460"]
[EventDate "1998.08.30"]
[PlyCount "146"]

1.d4 Nf6 2.c4 e6 3.Nc3 Bb4 4.Qc2 d6 5.Nf3 Nbd7 6.g3 c5 7.Bg2 O-O 8.O-O Qe7
9.Rd1 a6 10.a3 Bxc3 11.Qxc3 Re8 12.b4 e5 13.dxc5 dxc5 14.Bb2 Rb8 15.b5 Qe6
16.a4 h6 17.Nd2 b6 18.Ne4 Nxe4 19.Bxe4 Bb7 20.Bxb7 Rxb7 21.bxa6 Ra7 22.Qb3
Rxa6 23.Qb5 Nb8 24.Rd6 Qxd6 25.Qxe8+ Qf8 26.Qxf8+ Kxf8 27.Bxe5 Nc6 28.Bc3 
Nd8 29.e4 f6 30.Kf1 Nb7 31.Ke2 Ra8 32.e5 fxe5 33.Bxe5 g6 34.Kd3 Ke7 35.Kc3
Kd7 36.f4 h5 37.Kb2 Kc6 38.Bc3 Nd6 39.Kb3 Ne4 40.Re1 Nxc3 41.Kxc3 Rxa4 42.
Re6+ Kb7 43.Rxg6 Ra3+ 44.Kd2 Ra2+ 45.Ke3 Rxh2 46.f5 Kc7 47.Re6 Rg2 48.Kf3 
Rg1 49.Kf2 Ra1 50.f6 Kd7 51.Rxb6 Ra4 52.f7 Ke7 53.Rf6 Kf8 54.Rf4 Ra2+ 55.
Kf3 Rc2 56.Ke3 Rg2 57.Rf3 Rc2 58.Kd3 Rc1 59.Rf5 Rg1 60.Rf3 Rd1+ 61.Ke3 Rc1
62.Rf4 Rc3+ 63.Kf2 Rc2+ 64.Kg1 Ra2 65.Rf5 Rc2 66.Rxc5 Kxf7 67.Rc8 Ke6 68.
Rc5 Kd6 69.Rd5+ Ke6 70.Rd4 Kf5 71.Rf4+ Kg5 72.Kf1 Kg6 73.Rd4 Kf5 1/2-1/2

[Event "zonal 2.5"]
[Site "Cordoba ARG"]
[Date "1998.??.??"]
[Round "2"]
[White "Valiente, Cristobal"]
[Black "Hoffman, Alejandro"]
[Result "1/2-1/2"]
[WhiteElo "2400"]
[BlackElo "2525"]
[EventDate "1998.08.30"]
[PlyCount "89"]

1.c4 g6 2.g3 Bg7 3.Bg2 c5 4.e3 Nc6 5.Ne2 h5 6.h4 d6 7.Nf4 Bd7 8.Nc3 a6 9.
O-O Rb8 10.a4 Nh6 11.d3 Nf5 12.Bd2 Ne5 13.Ne4 b5 14.axb5 axb5 15.b3 O-O 
16.Qc2 bxc4 17.dxc4 Bc6 18.Bc3 Qd7 19.Ra3 Ra8 20.Rfa1 Rxa3 21.Rxa3 Qb7 22.
Nd2 Bxg2 23.Nxg2 Rb8 24.Ne1 e6 25.e4 Ne7 26.Qb2 f6 27.Ra5 N7c6 28.Rb5 Qc7 
29.Rxb8+ Qxb8 30.Ndf3 Qb7 31.Nxe5 fxe5 32.Nf3 Nd4 33.Ng5 Bf6 34.Bxd4 exd4 
35.Qb1 Bxg5 36.hxg5 e5 37.Qd3 Qe7 38.Qd2 Qa7 39.b4 Qa1+ 40.Kh2 Qc3 41.Qa2 
Qxb4 42.Qa8+ Kf7 43.Qd8 Qxc4 44.Qd7+ Kg8 45.Qd8+ 1/2-1/2

[Event "zonal 2.5"]
[Site "Cordoba ARG"]
[Date "1998.??.??"]
[Round "3"]
[White "Barria Zuniga, Daniel"]
[Black "Valiente, Cristobal"]
[Result "1/2-1/2"]
[WhiteElo "2305"]
[BlackElo "2400"]
[EventDate "1998.08.30"]
[PlyCount "114"]

1.e4 c5 2.Nf3 Nc6 3.d4 cxd4 4.Nxd4 e6 5.Nb5 d6 6.Bf4 e5 7.Be3 Nf6 8.Bg5 a6
9.Bxf6 gxf6 10.N5c3 Be6 11.Nd5 Bg7 12.Nbc3 b5 13.Ne3 Ne7 14.a4 bxa4 15.
Rxa4 O-O 16.Bd3 Kh8 17.O-O a5 18.Kh1 Rc8 19.Qh5 Rc5 20.Bc4 Qc8 21.b3 f5 
22.exf5 Nxf5 23.Ne4 Bxc4 24.Nxc4 Rc6 25.Rxa5 Qe6 26.Rd1 Nd4 27.Ng5 Qg6 28.
Qxg6 fxg6 29.f3 Nxc2 30.Rxd6 Rxd6 31.Nxd6 Rb8 32.Nge4 Bf8 33.Nf7+ Kg8 34.
Nxe5 Rxb3 35.h4 Be7 36.Ra8+ Kg7 37.Ra7 Kf8 38.Ra8+ Kg7 39.Ra7 Kf8 40.Kh2 
Ne3 41.Nc6 Nd5 42.Nxe7 Nxe7 43.Ng5 h6 44.Ne6+ Ke8 45.Nf4 Rb5 46.g4 g5 47.
Nh5 Ng6 48.Nf6+ Kf8 49.hxg5 hxg5 50.Kg3 Nh8 51.Ne4 Rd5 52.Nf6 Rb5 53.Ra8+ 
Kg7 54.Ne8+ Kh7 55.Nd6 Rd5 56.Nf5 Rd7 57.Ra1 Nf7 1/2-1/2

[Event "zonal 2.5"]
[Site "Cordoba ARG"]
[Date "1998.??.??"]
[Round "3"]
[White "Giaccio, Alfredo"]
[Black "Roselli Mailhe, Bernardo"]
[Result "1-0"]
[WhiteElo "2460"]
[BlackElo "2385"]
[EventDate "1998.08.30"]
[PlyCount "99"]

1.e4 c5 2.Nf3 Nc6 3.d4 cxd4 4.Nxd4 Nf6 5.Nc3 d6 6.f3 e5 7.Nb3 Be7 8.Be3 
Be6 9.Nd5 Bxd5 10.exd5 Nb4 11.c4 a5 12.Qd2 b6 13.Be2 O-O 14.O-O Nd7 15.Nc1
Na6 16.Bd1 Nac5 17.a3 h6 18.Bc2 Bg5 19.Ne2 a4 20.Nc3 Bxe3+ 21.Qxe3 Qg5 22.
Qe2 Nf6 23.Kh1 Nh5 24.g3 f5 25.Rae1 Nf6 26.Qf2 Ra7 27.Re2 Qh5 28.Qe1 Qh3 
29.Rg2 Nh7 30.Qd1 f4 31.Bxa4 fxg3 32.Rxg3 Qh4 33.Rg4 Qh3 34.Bc2 Ng5 35.Rg3
Qh4 36.Qe2 Raf7 37.b4 Nd7 38.Ne4 Nxe4 39.Bxe4 Nf6 40.Rfg1 g5 41.Bf5 Rc7 
42.Qe3 Rxc4 43.Qxb6 Ne8 44.Bg4 Rc2 45.Rh3 Qf2 46.Qd8 Ng7 47.Qxd6 Re2 48.
Be6+ Nxe6 49.Qxe6+ Rf7 50.Qxh6 1-0

[Event "zonal 2.5"]
[Site "Cordoba ARG"]
[Date "1998.??.??"]
[Round "3"]
[White "Hoffman, Alejandro"]
[Black "Malbran, Guillermo"]
[Result "1-0"]
[WhiteElo "2525"]
[BlackElo "2430"]
[EventDate "1998.08.30"]
[PlyCount "89"]

1.g3 e5 2.Bg2 Nf6 3.c4 Nc6 4.a3 d5 5.cxd5 Nxd5 6.d3 Be7 7.Nf3 a5 8.O-O O-O
9.Nc3 Nxc3 10.bxc3 Be6 11.Rb1 Rb8 12.a4 f6 13.Qc2 Qd7 14.Rd1 b6 15.d4 exd4
16.Nxd4 Nxd4 17.cxd4 Bd6 18.e4 Bh3 19.Bh1 Bb4 20.Ba3 Bxa3 21.Qb3+ Kh8 22.
Qxa3 f5 23.d5 f4 24.Rbc1 Rbd8 25.Rd3 Bg4 26.Rc6 Qf7 27.f3 fxg3 28.hxg3 Bc8
29.Qc3 Ba6 30.Rd2 Rd7 31.Rh2 Kg8 32.Bg2 Re7 33.Rh4 g5 34.Rhh6 Qg7 35.Qxg7+
Kxg7 36.Rh5 Rf6 37.Rxg5+ Kf7 38.Rc3 h6 39.Rh5 Kg6 40.g4 Bb7 41.Kh2 Kg7 42.
Kg3 Rg6 43.f4 c6 44.f5 Rf6 45.dxc6 1-0

[Event "zonal 2.5"]
[Site "Cordoba ARG"]
[Date "1998.??.??"]
[Round "3"]
[White "Ricardi, Pablo"]
[Black "Soppe, Guillermo"]
[Result "1-0"]
[WhiteElo "2545"]
[BlackElo "2455"]
[EventDate "1998.08.30"]
[PlyCount "81"]

1.d4 d5 2.c4 c6 3.Nf3 Nf6 4.Nc3 a6 5.Ne5 Nbd7 6.Bf4 dxc4 7.e3 Nxe5 8.dxe5 
Nd5 9.Bxc4 Be6 10.Bxd5 Bxd5 11.Nxd5 Qxd5 12.Qxd5 cxd5 13.Rc1 e6 14.Rc7 
Bb4+ 15.Ke2 Rb8 16.Bg5 O-O 17.Rhc1 Rfe8 18.f4 h6 19.Bh4 Ba5 20.Rd7 b5 21.
Rc6 Ra8 22.Be7 Rec8 23.Rxc8+ Rxc8 24.b4 Bb6 25.Rd6 Rb8 26.Kd3 a5 27.a3 
axb4 28.axb4 Kh7 29.Rc6 Rb7 30.Bc5 Bc7 31.g4 h5 32.h3 hxg4 33.hxg4 g6 34.
Ra6 Kg7 35.Ra8 Bb8 36.g5 Kh7 37.Bd6 Ba7 38.Re8 d4 39.exd4 Rd7 40.d5 exd5 
41.Be7 1-0

[Event "zonal 2.5"]
[Site "Cordoba ARG"]
[Date "1998.??.??"]
[Round "3"]
[White "Silva Sanchez, Carlos"]
[Black "Rodriguez Vila, Andres"]
[Result "1/2-1/2"]
[WhiteElo "2395"]
[BlackElo "2490"]
[EventDate "1998.08.30"]
[PlyCount "38"]

1.c4 e6 2.Nf3 Nf6 3.g3 d5 4.b3 a5 5.Bg2 a4 6.O-O axb3 7.Qxb3 Be7 8.d4 Nc6 
9.Nbd2 O-O 10.e3 Na5 11.Qc2 c6 12.Bb2 Nd7 13.a4 Nb6 14.c5 Nbc4 15.Bc3 b6 
16.Nxc4 Nxc4 17.cxb6 Qxb6 18.Rfb1 Qc7 19.Bb4 Ba6 1/2-1/2

[Event "zonal 2.5"]
[Site "Cordoba ARG"]
[Date "1998.??.??"]
[Round "3"]
[White "Toloza Soto, Pablo"]
[Black "Cubas, Jose Fernando"]
[Result "0-1"]
[WhiteElo "2350"]
[BlackElo "2165"]
[EventDate "1998.08.30"]
[PlyCount "70"]

1.Nf3 d5 2.b3 c5 3.e3 Nc6 4.Bb2 Nf6 5.Bb5 Bd7 6.O-O e6 7.d4 cxd4 8.exd4 
Bd6 9.Nbd2 O-O 10.a3 Ne4 11.Nxe4 dxe4 12.Nd2 f5 13.Nc4 Bxh2+ 14.Kxh2 Qh4+ 
15.Kg1 f4 16.f3 Rf5 17.fxe4 Rh5 18.Rf3 Qh2+ 19.Kf1 Qh1+ 20.Kf2 Qh4+ 21.Ke2
Rxb5 22.Qh1 Qg4 23.e5 Rd5 24.Rd1 Qf5 25.c3 Qe4+ 26.Kd2 Nxe5 27.Nxe5 Qxe5 
28.c4 Rd6 29.Kc1 Qg5 30.Rdf1 Rf8 31.Bc3 Rf5 32.Kb2 Bc6 33.R3f2 Qg3 34.Qg1 
a5 35.a4 Rf8 0-1

[Event "zonal 2.5"]
[Site "Cordoba ARG"]
[Date "1998.??.??"]
[Round "4"]
[White "Cubas, Jose Fernando"]
[Black "Rodriguez Vila, Andres"]
[Result "0-1"]
[WhiteElo "2165"]
[BlackElo "2490"]
[EventDate "1998.08.30"]
[PlyCount "61"]

1.e4 c5 2.Nf3 e6 3.b3 d5 4.exd5 exd5 5.Bb2 Nf6 6.Bb5+ Nc6 7.O-O Be7 8.Ne5 
Qb6 9.Bxc6+ bxc6 10.Re1 O-O 11.d3 Re8 12.Nd2 Qc7 13.Ndf3 Bd6 14.Qd2 Be6 
15.Qg5 h6 16.Qh4 Be7 17.Qa4 Rac8 18.Re2 Nh7 19.Rae1 Nf8 20.d4 Qb6 21.dxc5 
Bxc5 22.Qh4 Bb4 23.Rd1 Be7 24.Qg3 Bd6 25.Qh4 Qa6 26.Rde1 Qxa2 27.Bc3 Qa6 
28.Ng4 Ng6 29.Qh5 Qb7 30.Nxh6+ gxh6 31.Rxe6 0-1

[Event "zonal 2.5"]
[Site "Cordoba ARG"]
[Date "1998.??.??"]
[Round "4"]
[White "Malbran, Guillermo"]
[Black "Barria Zuniga, Daniel"]
[Result "1/2-1/2"]
[WhiteElo "2430"]
[BlackElo "2305"]
[EventDate "1998.08.30"]
[PlyCount "41"]

1.e4 e6 2.d4 d5 3.Nc3 Bb4 4.exd5 exd5 5.Bd3 Nc6 6.a3 Ba5 7.Ne2 Nge7 8.O-O 
Bg4 9.f3 Bf5 10.Na4 Bb6 11.Nxb6 axb6 12.Re1 O-O 13.Bg5 Bxd3 14.Qxd3 Qd7 
15.Bxe7 Nxe7 16.Ng3 Rae8 17.Re3 Nc8 18.Nf5 Rxe3 19.Nxe3 Re8 20.Kf2 c6 21.
b3 1/2-1/2

[Event "zonal 2.5"]
[Site "Cordoba ARG"]
[Date "1998.??.??"]
[Round "4"]
[White "Roselli Mailhe, Bernardo"]
[Black "Ricardi, Pablo"]
[Result "1/2-1/2"]
[WhiteElo "2385"]
[BlackElo "2545"]
[EventDate "1998.08.30"]
[PlyCount "93"]

1.e4 c5 2.Nc3 Nc6 3.g3 g6 4.Bg2 Bg7 5.d3 Rb8 6.f4 b5 7.a3 d6 8.Nf3 Nf6 9.
O-O O-O 10.h3 a5 11.Be3 Nd7 12.Rb1 b4 13.axb4 cxb4 14.Na4 Ba6 15.b3 Bb5 
16.Nb2 Nb6 17.Qd2 a4 18.bxa4 Nxa4 19.Nxa4 Bxa4 20.f5 d5 21.exd5 Qxd5 22.
Nd4 Qd7 23.Nxc6 Bxc6 24.Rxb4 Bxg2 25.Rxb8 Bxf1 26.Rxf8+ Kxf8 27.Kxf1 Qxf5+
28.Kg2 Qd5+ 29.Kh2 f5 30.Bh6 Qe5 31.d4 Qe4 32.Bxg7+ Kxg7 33.c4 Kf6 34.h4 
Ke6 35.d5+ Kd7 36.Qb4 Ke8 37.Qb8+ Kf7 38.Qf4 Qe2+ 39.Kg1 e5 40.Qh6 Qe1+ 
41.Kg2 Qe4+ 42.Kh2 Qe2+ 43.Kg1 f4 44.gxf4 Qe3+ 45.Kf1 Qf3+ 46.Ke1 Qg3+ 47.
Kf1 1/2-1/2

[Event "zonal 2.5"]
[Site "Cordoba ARG"]
[Date "1998.??.??"]
[Round "4"]
[White "Toloza Soto, Pablo"]
[Black "Giaccio, Alfredo"]
[Result "1-0"]
[WhiteElo "2350"]
[BlackElo "2460"]
[EventDate "1998.08.30"]
[PlyCount "101"]

1.d4 Nf6 2.c4 c5 3.d5 g6 4.Nc3 Bg7 5.e4 d6 6.Bd3 O-O 7.h3 Na6 8.Nf3 Nc7 9.
O-O e5 10.Bg5 h6 11.Be3 Nh5 12.Re1 Qf6 13.Bf1 Nf4 14.Kh2 g5 15.g3 Nxh3 16.
Bxh3 g4 17.Nh4 gxh3 18.Qh5 Ne8 19.Nf5 Kh7 20.g4 Rh8 21.g5 Qg6 22.Qxh3 h5 
23.Rh1 Bf8 24.Qf3 a6 25.Rag1 b5 26.Kg2 b4 27.Na4 Kg8 28.Nb6 Rb8 29.Nxc8 
Rxc8 30.Kf1 Rc7 31.Qd1 Be7 32.Qf3 Kf8 33.Nh4 Qg7 34.Nf5 Qg6 35.Rh3 Bd8 36.
Rgh1 Bxg5 37.Rg1 f6 38.Bxg5 fxg5 39.Nh4+ Qf6 40.Ng6+ Kg7 41.Nxh8 g4 42.Qe3
Kxh8 43.Rxh5+ Rh7 44.Rxh7+ Kxh7 45.Rxg4 Ng7 46.Qh3+ Kg8 47.Rh4 Kf7 48.Qd7+
Kg8 49.Rg4 Kh7 50.Kg2 Kh6 51.Qxg7+ 1-0

[Event "zonal 2.5"]
[Site "Cordoba ARG"]
[Date "1998.??.??"]
[Round "4"]
[White "Valiente, Cristobal"]
[Black "Silva Sanchez, Carlos"]
[Result "1/2-1/2"]
[WhiteElo "2400"]
[BlackElo "2395"]
[EventDate "1998.08.30"]
[PlyCount "70"]

1.c4 Nf6 2.Nc3 g6 3.g3 Bg7 4.Bg2 O-O 5.Nf3 d5 6.cxd5 Nxd5 7.O-O Nb6 8.d3 
Nc6 9.Bd2 Nd4 10.Nxd4 Bxd4 11.Bh6 Bg7 12.Bxg7 Kxg7 13.Qc2 c6 14.b4 Kg8 15.
Rfc1 a6 16.a4 Qd4 17.Rab1 Nd5 18.Nxd5 cxd5 19.Qc5 Qxc5 20.Rxc5 e6 21.e4 
dxe4 22.Bxe4 Rd8 23.Rxc8 Raxc8 24.Bxb7 Rc3 25.Bxa6 Ra3 26.Bb5 Kg7 27.Kg2 
g5 28.Kf3 f5 29.Re1 Kf6 30.Kg2 g4 31.h3 h5 32.hxg4 hxg4 33.Rh1 Kg5 34.Re1 
Kf6 35.Rh1 Kg5 1/2-1/2

[Event "zonal 2.5"]
[Site "Cordoba ARG"]
[Date "1998.??.??"]
[Round "5"]
[White "Barria Zuniga, Daniel"]
[Black "Soppe, Guillermo"]
[Result "1/2-1/2"]
[WhiteElo "2305"]
[BlackElo "2455"]
[EventDate "1998.08.30"]
[PlyCount "65"]

1.e4 Nf6 2.e5 Nd5 3.d4 d6 4.Nf3 g6 5.c4 Nb6 6.exd6 cxd6 7.d5 Bg7 8.Nd4 O-O
9.Nc3 e5 10.dxe6 Bxe6 11.Nxe6 fxe6 12.Be2 Nc6 13.O-O d5 14.Bg4 Kh8 15.Bxe6
dxc4 16.Be3 Qe7 17.Bh3 Ne5 18.Nd5 Nxd5 19.Qxd5 b6 20.Rad1 Rae8 21.Kh1 Nd3 
22.b3 Nb2 23.Rc1 c3 24.Bd4 Rd8 25.Qe6 Qxe6 26.Bxg7+ Kxg7 27.Bxe6 Rd3 28.g3
h5 29.b4 a6 30.Rc2 Rfd8 31.Kg2 Rf8 32.Bb3 Rf6 33.h4 1/2-1/2

[Event "zonal 2.5"]
[Site "Cordoba ARG"]
[Date "1998.??.??"]
[Round "5"]
[White "Giaccio, Alfredo"]
[Black "Cubas, Jose Fernando"]
[Result "1-0"]
[WhiteElo "2460"]
[BlackElo "2165"]
[EventDate "1998.08.30"]
[PlyCount "97"]

1.e4 c5 2.Nf3 d6 3.d4 cxd4 4.Nxd4 Nf6 5.Nc3 a6 6.Bc4 e6 7.a3 b5 8.Ba2 Bb7 
9.O-O Be7 10.f4 O-O 11.f5 e5 12.Nde2 Nbd7 13.Ng3 Qc7 14.Bg5 a5 15.Nh5 b4 
16.Nd5 Bxd5 17.Bxf6 Nxf6 18.Nxf6+ Bxf6 19.Bxd5 Rac8 20.axb4 axb4 21.Bb3 
Ra8 22.Qh5 Rxa1 23.Rxa1 Qc6 24.Bd5 Qc7 25.g3 Be7 26.Qe2 Rc8 27.Bb3 Bd8 28.
Kg2 Bf6 29.h4 Qc5 30.Qh5 Qe3 31.Qxf7+ Kh8 32.Qc4 Qd2+ 33.Kh3 Rf8 34.Qf7 
Rc8 35.Qh5 Qd4 36.Bd5 Qf2 37.Be6 Rd8 38.Bb3 Rf8 39.Qd1 Rd8 40.Ra4 d5 41.
Bxd5 g6 42.fxg6 hxg6 43.Ra1 Kg7 44.Qg4 Bxh4 45.gxh4 Rf8 46.Rg1 Rf3+ 47.Rg3
Qf1+ 48.Kh2 Rf6 49.Rg2 1-0

[Event "zonal 2.5"]
[Site "Cordoba ARG"]
[Date "1998.??.??"]
[Round "5"]
[White "Hoffman, Alejandro"]
[Black "Roselli Mailhe, Bernardo"]
[Result "1-0"]
[WhiteElo "2525"]
[BlackElo "2385"]
[EventDate "1998.08.30"]
[PlyCount "65"]

1.d4 Nf6 2.c4 g6 3.Nc3 Bg7 4.e4 d6 5.Nge2 O-O 6.Ng3 Nc6 7.d5 Nb8 8.Be2 c6 
9.Bg5 cxd5 10.exd5 Nbd7 11.Qd2 Re8 12.O-O a6 13.h3 Nf8 14.Rac1 e6 15.dxe6 
Nxe6 16.Be3 Bf8 17.Rfd1 Qe7 18.Bf3 Nd7 19.Nge4 Bg7 20.Nd5 Qf8 21.Nxd6 Rd8 
22.c5 Kh8 23.b4 a5 24.b5 Rb8 25.Nf4 Ne5 26.Be2 Nxf4 27.Bxf4 Be6 28.c6 bxc6
29.bxc6 Rb2 30.Qxb2 Nf3+ 31.Bxf3 Bxb2 32.c7 Bf6 33.Be5 1-0

[Event "zonal 2.5"]
[Site "Cordoba ARG"]
[Date "1998.??.??"]
[Round "5"]
[White "Rodriguez Vila, Andres"]
[Black "Valiente, Cristobal"]
[Result "1-0"]
[WhiteElo "2490"]
[BlackElo "2400"]
[EventDate "1998.08.30"]
[PlyCount "85"]

1.e4 c6 2.d4 d5 3.e5 Bf5 4.Nf3 e6 5.Be2 Ne7 6.O-O Bg4 7.Nbd2 c5 8.dxc5 
Nec6 9.c4 Bxc5 10.Qb3 Qd7 11.h3 Bf5 12.cxd5 exd5 13.Bd3 Be6 14.a3 Be7 15.
Qc2 g5 16.b4 a6 17.Re1 h5 18.Nb3 g4 19.hxg4 hxg4 20.Ng5 Rh5 21.Nxf7 Bxf7 
22.e6 Qd6 23.exf7+ Kxf7 24.Bf4 Qf6 25.g3 Nd7 26.Bf1 Nde5 27.Bg2 Nf3+ 28.
Kf1 Rah8 29.Qd3 Rh1+ 30.Bxh1 Rxh1+ 31.Ke2 Nxe1 32.Qxd5+ Kf8 33.Qxh1 Qe6+ 
34.Kf1 Qc4+ 35.Kxe1 Bf6 36.Qh6+ Bg7 37.Qd6+ Kg8 38.Nd2 Bc3 39.Qg6+ Kh8 40.
Qh5+ Kg8 41.Qxg4+ Kh7 42.Qf5+ Kg8 43.Rc1 1-0

[Event "zonal 2.5"]
[Site "Cordoba ARG"]
[Date "1998.??.??"]
[Round "5"]
[White "Silva Sanchez, Carlos"]
[Black "Malbran, Guillermo"]
[Result "1-0"]
[WhiteElo "2395"]
[BlackElo "2430"]
[EventDate "1998.08.30"]
[PlyCount "95"]

1.e4 Nf6 2.e5 Nd5 3.d4 d6 4.Nf3 Bg4 5.Be2 c6 6.O-O Bxf3 7.Bxf3 dxe5 8.dxe5
e6 9.Re1 Nd7 10.Nd2 N5b6 11.Qe2 Qc7 12.g3 Be7 13.Bg2 O-O 14.Nf3 a5 15.a3 
Rfd8 16.h4 Nc5 17.b3 Nd5 18.Bb2 Qb6 19.Nd2 Qa6 20.Qf3 Nb6 21.Bf1 Qa7 22.
Ne4 Nxe4 23.Rxe4 Rd7 24.Bd4 c5 25.Be3 Nd5 26.Bb5 Rc7 27.Bd2 Rd8 28.Be1 
Rcc8 29.Bd3 b6 30.c4 Nc7 31.Rg4 Ne8 32.Bc3 g6 33.a4 Bf8 34.h5 Bg7 35.Kg2 
Qc7 36.Re1 Qe7 37.hxg6 hxg6 38.Rh1 Rd7 39.Be4 Rcd8 40.Qe2 Nc7 41.Rgh4 Qg5 
42.f4 Qe7 43.Kf3 Rd4 44.Bxd4 cxd4 45.Qh2 f5 46.exf6 Qxf6 47.Rg4 d3 48.Rxg6
1-0

[Event "zonal 2.5"]
[Site "Cordoba ARG"]
[Date "1998.??.??"]
[Round "6"]
[White "Cubas, Jose Fernando"]
[Black "Valiente, Cristobal"]
[Result "1/2-1/2"]
[WhiteElo "2165"]
[BlackElo "2400"]
[EventDate "1998.08.30"]
[PlyCount "59"]

1.e4 c6 2.d4 d5 3.Nc3 g6 4.e5 h5 5.Bd3 Bf5 6.Nce2 e6 7.h3 Qc8 8.Nf3 c5 9.
Bxf5 gxf5 10.c3 Nc6 11.O-O Qc7 12.Bg5 Be7 13.Nf4 O-O-O 14.Re1 h4 15.Bxe7 
Qxe7 16.Qa4 Kb8 17.Rac1 Qd7 18.Qa3 c4 19.b3 Nce7 20.Nd2 cxb3 21.axb3 Nc8 
22.Ra1 Qe7 23.Nf3 Qc7 24.Re3 Nge7 25.Ng5 Rdf8 26.Kf1 b6 27.Rd1 Rhg8 28.Nf3
Rh8 29.c4 Rd8 30.c5 1/2-1/2